000 00586nam a22002057a 4500
003 OSt
005 20160715175629.0
008 160715b xxu||||| |||| 00| 0 eng d
020 _a9780721603506
040 _cDNLM.
082 _aWB537D71b 2007.
100 _aDomenico,De Giovanni;
_910252
245 _aBeard's Message Principles of Practice of Soft Tissue Manipulation,
250 _a5th ed.
260 _aMissouri,
_bSaunders Elsevier.
_c2007.
300 _ax,325cm.
_bcol,ill;
_c28cm.
504 _aincludes index.
650 _aTissue Manipulation.
_910253
942 _2z
_cO_SHELF
999 _c4764
_d4764